| Поле | Название | Значение |
| |
Тип записи |
a |
| |
Библиографический уровень |
m |
| 001 |
Контрольный номер |
RU\NLR\BIBL_A\010744862 |
| 005 |
Дата корректировки |
20201206205119.1 |
| 010 |
Индекс ISBN |
__ |
| a |
ISBN |
978-5-235-03780-9 (в пер.) |
| d |
Цена |
468-11 |
| 021 |
№ государственной регистрации |
__ |
| b |
№ документа |
2015-20103 |
| 100 |
Данные общей обработки |
__ |
| a |
Данные общей обработки |
19180202d2015||||||| 0rusy0189 ca |
| 101 |
Язык документа |
1_ |
| a |
Язык текста |
rus |
| c |
Язык оригинала |
fre |
| 102 |
Страна публикации |
__ |
| a |
Страна публикации |
RU| |
| 105 |
Кодированные данные (монография) |
__ |
| a |
Кодированные данные (монография) |
aсfo||||||1zy |
| 200 |
Заглавие и сведения об ответственности |
1_ |
| a |
Заглавие |
Феллини |
| f |
Первые сведения об ответственности |
Бенито Мерлино ; [перевод с французского Л. Ф. Матяш] |
| b |
Общее обозначение материала |
Текст |
| 210 |
Выходные данные |
__ |
| a |
Место издания |
Москва |
| c |
Издательство |
Молодая гвардия |
| d |
Дата издания |
2015 |
| 215 |
Физическое описание |
__ |
| a |
Объем |
307, [2] с. |
| c |
Иллюстрации/тип воспроизводства |
[8] л. ил., портр. |
| d |
Формат |
17 см |
| 225 |
Серия |
__ |
| a |
Серия |
Жизнь замечательных людей: Серия биографий |
| i |
Наименование части |
Малая серия |
| v |
Обозначение тома |
вып. 81 |
| 300 |
Общие примечания |
__ |
| a |
Общие примечания |
2000 экз. |
| 330 |
Аннотация |
__ |
| a |
Аннотация |
Обладателя пяти "Оскаров", "Золотого льва" и множества других премий, создателя таких шедевров, как "Дорога" и "Ночи Кабирии", "Сладкая жизнь" и "Джульетта и духи", "Восемь с половиной" и "Амаркорд", крупнейшего режиссера ХХ века Федерико Феллини пресса не раз объявляла "иссякшим творцом, пережившим свою славу", называла авантюристом, плутом, неистовым фантазером, а сам мастер говорил: "Наши фантазии - вот наша настоящая жизнь". О творческих замыслах и сложности их воплощения, о жизни, любви, увлечениях, удачах и неудачах Маэстро рассказывается в настоящей книге, автор которой - композитор, сценарист, режиссер короткометражных кинофильмов. |
| 600 |
Персоналии |
__ |
| a |
Персоналии (Фамилия) |
Феллини, Ф. |
| c |
Дополнение к имени |
кинорежиссер итальянский |
| f |
Даты |
1920-1993 |
| g |
Полное имя |
Федерико |
| 606 |
Тематические рубрики |
__ |
| a |
Основная рубрика |
Музыка и зрелищные искусства |
| 606 |
Тематические рубрики |
__ |
| a |
Основная рубрика |
Художественно-игровое кино |
| z |
Хронологическая подрубрика |
20 в. |
| y |
Географическая подрубрика |
Италия |
| 610 |
Ключевые слова |
__ |
| a |
Ключевые слова |
биографии |
| a |
Ключевые слова |
биографическая литература |
| a |
Ключевые слова |
биографические данные |
| a |
Ключевые слова |
биографические материалы |
| a |
Ключевые слова |
биографические сведения |
| a |
Ключевые слова |
итальянские кинорежиссеры |
| a |
Ключевые слова |
итальянское кино |
| a |
Ключевые слова |
кинорежиссеры |
| a |
Ключевые слова |
персоналии |
| 686 |
Индексы других классификаций |
__ |
| 2 |
Код системы |
rubbks |
| a |
Классификационный индекс |
85.374.3(4Ита)-8 |
| 700 |
Автор |
_1 |
| a |
Фамилия |
Мерлино |
| b |
Имя |
Б. |
| g |
Полное личное имя |
Бенито |
| 4 |
Код отношения |
070 |
| 702 |
Вторичная интеллектуальная ответственность |
_1 |
| a |
Фамилия |
Матяш |
| b |
Имя |
Л. Ф. |
| 4 |
Код отношения |
Переводчик |
| 4 |
Код отношения |
730 |
| 801 |
Источник записи |
_0 |
| a |
Страна |
RU |
| b |
Организация |
РГБ |
| c |
Дата составления |
20180202 |
| g |
Правила каталогизации |
RCR |
| 801 |
Источник записи |
_2 |
| a |
Страна |
RU |
| b |
Организация |
Муниципальное бюджетное учреждение культуры "Централизованная библиотечная система" г. Сургут (Центральная городская библиотека им. А. С. Пушкина) |
| c |
Дата составления |
20180202 |
| 852 |
Данные о местонахождении |
__ |
| j |
Шифр хранения |
85.374.3(4Ита)-8 |
| i |
Авторский знак |
М 52 |
| 901 |
Тип документа |
__ |
| t |
Тип документа |
m |
| a |
Ответственный |
КиК/Апакова |
| 903 |
Характеристики (МАРС) |
__ |
| a |
Дата передачи |
20180202 |
| 990 |
Данные о заказе (DOS) |
__ |
| j |
Количество экземпляров (DOS) |
3 |
| t |
N записи в КСУ для И/У (DOS) |
201803 |